| 000 | 00638nam a2200241Ia 4500 | ||
|---|---|---|---|
| 008 | 170711s9999 xx 000 0 und d | ||
| 020 | _a9780021787630 | ||
| 050 | _a372.4 | ||
| 050 | _bA638 1993 | ||
| 100 | _aAoki, Elaine Mei | ||
| 245 | _aBecome the music / | ||
| 245 | _cElaine Mei Aoki, Virginia A. Arnold and James Flood. | ||
| 260 | _aNew York : | ||
| 260 | _bMacMillan, | ||
| 260 | _c1993 | ||
| 300 | _a592 pages : | ||
| 300 | _bcolored illustrations ; | ||
| 300 | _c28cm. | ||
| 650 | _aReading (Elementary) -- | ||
| 650 | _aReading (Elementary). | ||
| 650 | _xLanguage experience approach. | ||
| 700 | _aTitle. | ||
| 999 |
_c339965 _d339965 |
||